000 00559nam a22002177a 4500
003 UA-OsUOA
001 44294
007 ta
008 20070219b un ||||| |||| 00| 0 ukr d
100 _aШумлянський С.
090 _a32
_bШ-11
942 _cSA
040 _aUA-OsUOA
_bukr
_cUA-OsUOA
_dUA-OsUOA
245 _aДвомовні загрози та шанси двомовности
300 _aС.5-8
955 _a0
041 _aukr
080 _a32
773 0 _w44293
_tКритика
_dК.
_d2007
_g2
650 7 _a32 Політика
_2UDC
999 _c330415
_d330415